00199nam a2200073Ia 4500008004100000050002100041100001900062245004400081230915s9999 xx 000 0 und d aZ 678 .T 86 1979 aTunley,Malcolm 0aLibrary Structures and Staffing Systems